Dve tváre čínskej akciovej bubliny

Špecifiká čínskeho akciového trhu, ktoré vedú k zvýšenému výskytu bublín a mechanizmom prenosu týchto bublín na akciový trh v Hong Kongu.

Salvato in:
Dettagli Bibliografici
Autore principale: Árendáš, Peter, 1986-
Altri autori: Dorocáková, Michaela
Natura: Capitolo di libro
Lingua:slovacco
Soggetti:
Tags: Aggiungi Tag
Nessun Tag, puoi essere il primo ad aggiungerne!!

MARC

LEADER 00000nla a2200000 4500
001 0210269
005 20240502073512.0
041 0 |a slo 
044 |a SK 
245 1 0 |a Dve tváre čínskej akciovej bubliny  |c Peter Árendáš, Michaela Dorocáková 
520 |a Špecifiká čínskeho akciového trhu, ktoré vedú k zvýšenému výskytu bublín a mechanizmom prenosu týchto bublín na akciový trh v Hong Kongu. 
610 2 0 |a trh akciový 
610 2 0 |a Čína 
610 2 0 |a Hongkong 
610 2 0 |a bubliny finančné 
100 1 |a Árendáš, Peter, 1986- 
700 1 |a Dorocáková, Michaela